| 000 | 00603nam a2200217 i 4500 | ||
|---|---|---|---|
| 001 | bg | ||
| 100 | 1 | _aASPINWWALL, Jim | |
| 245 | 0 |
_aSam naprawiam swój komputer PC / _cJim Aspinwwall, Rory Burke, Mike Todd ; [tł. z ang. jw TEXT]. |
|
| 260 |
_aWarszawa : _b"Intersoftland", _c1992. |
||
| 300 |
_aXX, 299 s. : _bil. ; _c24 cm + _eDyskietka. |
||
| 504 | _aBibliogr. s. 297. | ||
| 700 | 1 | _aBURKE, Rory | |
| 700 | 1 | _aTODD, Mike | |
| 020 | _a83855515143 | ||
| 040 | _cBPK | ||
| 041 | _apol | ||
| 080 | _a004 | ||
| 920 | _a83-855515-14-3 | ||
| 942 | _cKS | ||
| 008 | s pl f |000 0 pol | ||
| 999 |
_c6274 _d6274 |
||
| 856 |
_uhttp://koha.tu.koszalin.pl/cgi-bin/koha/opac-detail.pl?biblionumber=6274 _yKatalog online BPK |
||